Daft Punk - Instant Crush Lyrics - Statistics

General Stats
  • This quiz has been taken 89 times
  • The average score is 209 of 311
Answer Stats
Lyrics % Correct
A
100%
a
100%
an
98%
be
98%
BRIDGE
98%
CHORUS
98%
I
98%
we
96%
We
96%
when
96%
When
96%
you
96%
You
96%
never
95%
on
95%
to
95%
again
93%
And
93%
and
93%
friend
93%
the
93%
The
93%
want
93%
do
91%
it
91%
It
91%
alone
89%
one
87%
One
87%
Cause
85%
didn't
85%
no
85%
for
84%
forget
82%
will
82%
your
82%
give
80%
know
78%
my
78%
any
76%
anymore
76%
away
76%
being
76%
now
76%
Now
76%
that
76%
thought
76%
everyday
75%
mine
75%
of
75%
say
75%
up
75%
wanna
75%
can
73%
Can
73%
go
73%
happen
73%
Kinda
73%
or
73%
So
73%
so
73%
doesn't
71%
get
71%
But
69%
counted
69%
listen
69%
then
69%
what
69%
where
69%
problems
67%
really
67%
everything
65%
He
65%
he
65%
oh,
65%
don't
64%
Don't
64%
myself
64%
regret
64%
time
64%
all
62%
i'd
62%
I'd
62%
is
62%
in
60%
like
60%
listened
60%
with
60%
about
58%
me
58%
take
56%
Take
56%
thing
56%
door
53%
I'm
53%
i'm
53%
us
53%
chained
51%
hear
51%
it's
51%
It's
51%
just
51%
see
51%
little
49%
look
49%
more
49%
off
49%
place
49%
said
49%
unlocks
49%
wanted
47%
you're
45%
because
44%
last
44%
not
44%
understand
44%
around
40%
gives
40%
his
40%
same
40%
this
40%
believe
38%
got
38%
ground
38%
head
38%
lips
38%
made
38%
offer
38%
sing
38%
Some
38%
picture
36%
ran
36%
Roche
36%
That's
36%
We're
36%
would
36%
dog
35%
if
35%
they
35%
looked
33%
once
33%
try
33%
matter
31%
stars
31%
thousand
31%
dies
29%
him
29%
kids
29%
lonely
29%
long
29%
memory
29%
need
29%
'round
29%
someone
29%
too
29%
upset
29%
cold
27%
saw
27%
disguise
22%
easy
22%
fall
22%
Hiding
22%
lies
22%
hard
20%
sees
20%
summer
20%
swimming
20%
through
20%
wall
20%
at
18%
Cracks
18%
down
18%
else
18%
right
18%
road
18%
asks
15%
break
15%
cannot
15%
runs
15%
scissors
15%
seam
15%
worked
15%
No matching quizzes found
Score Distribution
Percent of People with Each Score
Percentile by Number Answered
Your Score History
You have not taken this quiz